Good references on the home economics curriculum ... (Record no. 21211)
[ view plain ]
| 000 -LEADER | |
|---|---|
| fixed length control field | 01021cam a22002411 4500 |
| 001 - CONTROL NUMBER | |
| control field | e 32000273 |
| 003 - CONTROL NUMBER IDENTIFIER | |
| control field | DLC |
| 005 - DATE AND TIME OF LATEST TRANSACTION | |
| control field | 20260227111222.0 |
| 008 - FIXED-LENGTH DATA ELEMENTS--GENERAL INFORMATION | |
| fixed length control field | 950905s1932 dcu b f000 0 eng c |
| 010 ## - LIBRARY OF CONGRESS CONTROL NUMBER | |
| LC control number | e 32000273 |
| 035 ## - SYSTEM CONTROL NUMBER | |
| System control number | (OCoLC)33082235 |
| 040 ## - CATALOGING SOURCE | |
| Original cataloging agency | Library, U.S. Office of Education |
| Transcribing agency | NRU |
| Modifying agency | DLC |
| 042 ## - AUTHENTICATION CODE | |
| Authentication code | premarc |
| 050 00 - LIBRARY OF CONGRESS CALL NUMBER | |
| Classification number | Z5811 |
| Item number | .U42 no. 7 |
| 100 1# - MAIN ENTRY--PERSONAL NAME | |
| Personal name | Whitcomb, Emeline Storm. |
| 245 10 - TITLE STATEMENT | |
| Title | Good references on the home economics curriculum ... |
| Statement of responsibility, etc. | Compiled by Emeline S. Whitcomb, senior specialist in home economics and Louise O. Pettit, Office of Education. U.S. Department of the Interior, Ray Lyman Wilbur, secretary. Office of Education, William John Cooper, commissioner. |
| 260 ## - PUBLICATION, DISTRIBUTION, ETC. | |
| Place of publication, distribution, etc. | Washington, |
| Name of publisher, distributor, etc. | U.S. Govt. Print. Off., |
| Date of publication, distribution, etc. | 1932. |
| 300 ## - PHYSICAL DESCRIPTION | |
| Extent | ii, 8 p. |
| Dimensions | 21 x 8 cm. |
| 490 1# - SERIES STATEMENT | |
| Series statement | U.S. Office of Education. Bibliography ; |
| Volume/sequential designation | no. 7 |
| 650 #0 - SUBJECT ADDED ENTRY--TOPICAL TERM | |
| Topical term or geographic name entry element | Home economics |
| Form subdivision | Bibliography. |
| 700 1# - ADDED ENTRY--PERSONAL NAME | |
| Personal name | Pettit, Louise Octavia. |
| 830 #0 - SERIES ADDED ENTRY--UNIFORM TITLE | |
| Uniform title | Bibliography (United States. Office of Education) ; |
| Volume/sequential designation | no. 7. |
No items available.